[Event "Oskarja Memorial 10th"]
[Site "Chess.com INT"]
[Date "2021.01.16"]
[Round "6"]
[White "Berke, Ana"]
[Black "Orehek, Spela"]
[Result "1-0"]
[WhiteElo "2051"]
[BlackElo "1926"]
[PlyCount "57"]
[EventDate "2021.01.16"]
[EventType "swiss (blitz)"]
[EventRounds "15"]
[EventCountry "SLO"]
[SourceTitle "CBM 200 Extra"]
[Source "ChessBase"]
[SourceDate "2021.03.31"]
[SourceVersion "1"]
[SourceVersionDate "2021.03.31"]
[SourceQuality "1"]

1. e4 d6 2. d4 Nf6 3. Nc3 e5 4. Nf3 Nbd7 5. Bc4 Be7 6. 0-0 0-0 7. Re1 c6 8. a4 b6 9. h3 Rb8 10. Be3 a6 11. Ba2 b5 12. axb5 axb5 13. b4 Qc7 14. Bb3 d5 15. exd5 Bxb4 16. Qd3 e4 17. Nxe4 Nxe4 18. Qxe4 Bxe1 19. Bf4 cxd5 20. Bxd5 Bxf2+ 21. Kxf2 Qc3 22. Bxb8 Qxa1 23. Bd6 Nf6 24. Qe7 Re8 25. Bxf7+ Kh8 26. Bxe8 Qa2 27. Qf8+ Ng8 28. Bf7 Qxc2+ 29. Kg1 1-0

[Event "Oskarja Memorial 10th"]
[Site "Chess.com INT"]
[Date "2021.01.16"]
[Round "11"]
[White "Lavrencic, Matic"]
[Black "Orehek, Spela"]
[Result "1-0"]
[WhiteElo "2018"]
[BlackElo "1926"]
[PlyCount "49"]
[EventDate "2021.01.16"]
[EventType "swiss (blitz)"]
[EventRounds "15"]
[EventCountry "SLO"]
[SourceTitle "CBM 200 Extra"]
[Source "ChessBase"]
[SourceDate "2021.03.31"]
[SourceVersion "1"]
[SourceVersionDate "2021.03.31"]
[SourceQuality "1"]

1. e4 e5 2. Nf3 Nc6 3. Bb5 Nge7 4. Nc3 a6 5. Ba4 d6 6. d4 exd4 7. Nxd4 Bd7 8. Be3 b5 9. Bb3 Nxd4 10. Bxd4 c5 11. Be3 c4 12. Qxd6 Nc6 13. Qd2 cxb3 14. axb3 Be6 15. Qe2 Be7 16. Rd1 Qa5 17. Bd2 Bb4 18. Nd5 Bxd2+ 19. Rxd2 0-0 20. 0-0 Rad8 21. Rfd1 Ne5 22. b4 Qa2 23. Ne7+ Kh8 24. Rxd8 Bd7 25. Rxf8# 1-0

[Event "Oskarja Memorial 10th"]
[Site "Chess.com INT"]
[Date "2021.01.16"]
[Round "8"]
[White "Orehek, Spela"]
[Black "Plesec, Damjan"]
[Result "0-1"]
[WhiteElo "1926"]
[BlackElo "2094"]
[PlyCount "96"]
[EventDate "2021.01.16"]
[EventType "swiss (blitz)"]
[EventRounds "15"]
[EventCountry "SLO"]
[SourceTitle "CBM 200 Extra"]
[Source "ChessBase"]
[SourceDate "2021.03.31"]
[SourceVersion "1"]
[SourceVersionDate "2021.03.31"]
[SourceQuality "1"]

1. e4 d5 2. exd5 Qxd5 3. Nc3 Qa5 4. d4 Nf6 5. Bc4 c6 6. Bd2 Bf5 7. Nf3 e6 8. Bb3 Nbd7 9. Qe2 Bb4 10. 0-0-0 Nd5 11. Nxd5 Bxd2+ 12. Qxd2 Qxd2+ 13. Rxd2 cxd5 14. Nh4 Bg6 15. Nxg6 hxg6 16. h3 Ke7 17. Re1 Kd6 18. Kb1 b5 19. c3 a5 20. Bd1 b4 21. cxb4 axb4 22. Be2 Nb6 23. b3 Rac8 24. Rc1 Rxc1+ 25. Kxc1 f6 26. Kb2 e5 27. a3 bxa3+ 28. Kxa3 Rh4 29. dxe5+ fxe5 30. Bg4 Rh8 31. Kb4 Rb8 32. Kc3 d4+ 33. Kd3 Nd5 34. Rb2 Nf4+ 35. Ke4 Nxg2 36. b4 Nf4 37. b5 Nd5 38. Kd3 Nc3 39. b6 Kd5 40. b7 e4+ 41. Kd2 Kc5 42. Bc8 Nd5 43. Ra2 Nb6 44. Rc2+ Kd6 45. h4 Nd7 46. Rc4 Kd5 47. Rc6 Nc5 48. Rc7 Kd6 0-1

[Event "Oskarja Memorial 10th"]
[Site "Chess.com INT"]
[Date "2021.01.16"]
[Round "7"]
[White "Skobe, Miran"]
[Black "Orehek, Spela"]
[Result "0-1"]
[WhiteElo "1800"]
[BlackElo "1926"]
[PlyCount "46"]
[EventDate "2021.01.16"]
[EventType "swiss (blitz)"]
[EventRounds "15"]
[EventCountry "SLO"]
[SourceTitle "CBM 200 Extra"]
[Source "ChessBase"]
[SourceDate "2021.03.31"]
[SourceVersion "1"]
[SourceVersionDate "2021.03.31"]
[SourceQuality "1"]

1. d4 d5 2. c3 Nf6 3. Bg5 c5 4. e3 Nc6 5. Nf3 e6 6. Bd3 Qb6 7. Qb3 c4 8. Qxb6 axb6 9. Bc2 b5 10. Nbd2 b4 11. 0-0 b5 12. Ne5 Nxe5 13. dxe5 Nd7 14. Bf4 Be7 15. Rfc1 0-0 16. Nf3 Nc5 17. Nd4 bxc3 18. bxc3 Bd7 19. Kf1 Ra3 20. Bb1 g6 21. Ke2 Nb3 22. Nxb3 cxb3 23. Rd1 b2 0-1

[Event "Titled Tuesday intern op 19th May"]
[Site "Chess.com INT"]
[Date "2020.05.19"]
[Round "10"]
[White "Orehek, Spela"]
[Black "Gheorghiu, Calin"]
[Result "0-1"]
[WhiteElo "2050"]
[BlackElo "2283"]
[PlyCount "50"]
[EventDate "2020.05.19"]
[EventType "swiss (blitz)"]
[EventRounds "10"]
[EventCountry "USA"]
[SourceTitle "EXT 2021"]
[Source "ChessBase"]
[SourceDate "2020.10.23"]
[SourceVersion "1"]
[SourceVersionDate "2020.10.23"]
[SourceQuality "1"]

1. d4 Nf6 2. c4 g6 3. Nc3 Bg7 4. e4 d6 5. f3 0-0 6. Be3 c5 7. Nge2 Nc6 8. d5 Ne5 9. Ng3 h5 10. Be2 h4 11. Nf1 h3 12. g4 e6 13. Ng3 exd5 14. cxd5 a6 15. a4 Rb8 16. 0-0 c4 17. g5 Nfd7 18. f4 Nd3 19. Bxd3 cxd3 20. Qxd3 b5 21. axb5 axb5 22. Nxb5 Nc5 23. Bxc5 dxc5 24. e5 Qb6 25. Nc3 c4+ 0-1

[Event "Titled Tuesday intern op 12th May"]
[Site "Chess.com INT"]
[Date "2020.05.12"]
[Round "5"]
[White "Andrews, Todd D"]
[Black "Orehek, Spela"]
[Result "1-0"]
[WhiteElo "2244"]
[BlackElo "2050"]
[PlyCount "43"]
[EventDate "2020.05.12"]
[EventType "swiss (blitz)"]
[EventRounds "10"]
[EventCountry "USA"]
[SourceTitle "EXT 2021"]
[Source "ChessBase"]
[SourceDate "2020.10.23"]
[SourceVersion "1"]
[SourceVersionDate "2020.10.23"]
[SourceQuality "1"]

1. e4 c5 2. Nf3 Nc6 3. d4 cxd4 4. Nxd4 Qc7 5. Nc3 e6 6. g3 Nf6 7. Bg2 a6 8. 0-0 Bc5 9. Nxc6 bxc6 10. Kh1 0-0 11. f4 d5 12. e5 Nd7 13. Ne2 Rb8 14. g4 f6 15. f5 Nxe5 16. Bf4 exf5 17. gxf5 Bxf5 18. Ng3 Bg6 19. b3 Rbd8 20. Qe2 Rfe8 21. Qxa6 Ng4 22. Bxc7 1-0

[Event "Titled Tuesday intern op 12th May"]
[Site "Chess.com INT"]
[Date "2020.05.12"]
[Round "2"]
[White "Orehek, Spela"]
[Black "Batsiashvili, Nino"]
[Result "0-1"]
[WhiteElo "2050"]
[BlackElo "2457"]
[PlyCount "42"]
[EventDate "2020.05.12"]
[EventType "swiss (blitz)"]
[EventRounds "10"]
[EventCountry "USA"]
[SourceTitle "EXT 2021"]
[Source "ChessBase"]
[SourceDate "2020.10.23"]
[SourceVersion "1"]
[SourceVersionDate "2020.10.23"]
[SourceQuality "1"]

1. d4 d5 2. c4 e6 3. Nc3 c5 4. cxd5 exd5 5. Nf3 Nf6 6. e3 Nc6 7. Be2 c4 8. 0-0 Bb4 9. Bd2 0-0 10. a3 Bxc3 11. Bxc3 Re8 12. b3 Ne4 13. Qc2 b5 14. bxc4 bxc4 15. Nd2 Bf5 16. Nxe4 Bxe4 17. Qa4 Qg5 18. g3 Re6 19. Rfe1 Rh6 20. Bf1 Qh5 21. h3 Qf3 0-1

[Event "Titled Tuesday intern op 12th May"]
[Site "Chess.com INT"]
[Date "2020.05.12"]
[Round "9"]
[White "Orehek, Spela"]
[Black "Grot, Blazej"]
[Result "0-1"]
[WhiteElo "2050"]
[BlackElo "1768"]
[PlyCount "90"]
[EventDate "2020.05.12"]
[EventType "swiss (blitz)"]
[EventRounds "10"]
[EventCountry "USA"]
[SourceTitle "EXT 2021"]
[Source "ChessBase"]
[SourceDate "2020.10.23"]
[SourceVersion "1"]
[SourceVersionDate "2020.10.23"]
[SourceQuality "1"]

1. d4 Nf6 2. c4 c5 3. Nf3 cxd4 4. Nxd4 Nc6 5. Nc3 e6 6. a3 Be7 7. g3 0-0 8. Bg2 a6 9. 0-0 Qc7 10. Nxc6 bxc6 11. e4 Bb7 12. Qe2 Rad8 13. Rd1 Bc5 14. e5 Ne8 15. b4 Be7 16. c5 f6 17. f4 Ra8 18. Bb2 a5 19. Ne4 Ba6 20. Qd2 f5 21. Qxd7 fxe4 22. Qxc7 Nxc7 23. Rd7 Nd5 24. Bxe4 Bc8 25. Rd6 Bxd6 26. cxd6 axb4 27. a4 Bd7 28. Bd4 Nc3 29. Bf3 Rfb8 30. Rc1 Rxa4 31. Bxc3 bxc3 32. Rxc3 Ra1+ 33. Kg2 Rb2+ 34. Kh3 Ra6 35. Bxc6 Rxc6 36. Rxc6 Bxc6 37. d7 Bxd7 38. f5 exf5 39. e6 Bxe6 40. g4 fxg4+ 41. Kh4 Rxh2+ 42. Kg3 Rh3+ 43. Kg2 g3 44. Kg1 Rh2 45. Kf1 Ra2 0-1

[Event "SLO-chT1 West 29th"]
[Site "Slovenia"]
[Date "2019.10.19"]
[Round "8.4"]
[White "Orehek, Spela"]
[Black "Kralj, Samo"]
[Result "1/2-1/2"]
[WhiteElo "2052"]
[BlackElo "2005"]
[PlyCount "100"]
[EventDate "2019.09.20"]
[EventType "team-tourn"]
[EventRounds "9"]
[EventCountry "SLO"]
[SourceTitle "CBM 192 Extra"]
[Source "Chessbase"]
[SourceDate "2019.11.06"]
[SourceVersion "1"]
[SourceVersionDate "2019.11.06"]
[SourceQuality "1"]
[WhiteTeam "Domzale Tajfun"]
[BlackTeam "Komenda"]
[WhiteTeamCountry "SLO"]
[BlackTeamCountry "SLO"]

1. e4 c5 2. Nf3 d6 3. Bb5+ Bd7 4. Bxd7+ Qxd7 5. 0-0 Nc6 6. c3 g6 7. d4 cxd4 8. cxd4 Nf6 9. Nc3 Bg7 10. Qe2 0-0 11. Rd1 Rac8 12. e5 Ne8 13. Ng5 Nc7 14. f4 f6 15. e6 Qe8 16. Nf3 f5 17. Be3 Nb4 18. Rac1 Ncd5 19. a3 Nxc3 20. bxc3 Nd5 21. c4 Nxe3 22. Qxe3 Qa4 23. Qd3 Rc7 24. Rc2 Rfc8 25. Rdc1 Rc6 26. h3 Ra6 27. c5 d5 28. Rb1 Rc7 29. Rcb2 Rxe6 30. Rxb7 Rxb7 31. Rxb7 Re4 32. Rb8+ Kf7 33. Ng5+ Kf6 34. Nxh7+ Kf7 35. Ng5+ Kf6 36. Nh7+ Kf7 37. Ng5+ Kf6 38. Nxe4+ fxe4 39. Qe3 Kf7 40. Rb4 Qc2 41. Kh2 a5 42. Rb6 Qc4 43. f5 Bxd4 44. fxg6+ Kg7 45. Qg5 Qxc5 46. Re6 Bf6 47. Qh5 Qc7+ 48. Kh1 Qc1+ 49. Kh2 Qf4+ 50. Kh1 Qf1+ 1/2-1/2

[Event "SLO-chT (Women)"]
[Site "Maribor"]
[Date "2019.04.06"]
[Round "3.4"]
[White "Orehek, Spela"]
[Black "Hercog, Nusa"]
[Result "1/2-1/2"]
[WhiteElo "2030"]
[BlackElo "2031"]
[PlyCount "96"]
[EventDate "2019.04.04"]
[EventType "team-tourn"]
[EventRounds "7"]
[EventCountry "SLO"]
[SourceTitle "CBM 190 Extra"]
[Source "ChessBase"]
[SourceDate "2019.07.15"]
[SourceVersion "1"]
[SourceVersionDate "2019.07.15"]
[SourceQuality "1"]
[WhiteTeam "Domzale Tajfun (W)"]
[BlackTeam "Celjski (W)"]
[WhiteTeamCountry "SLO"]
[BlackTeamCountry "SLO"]

1. e4 c5 2. Nf3 Nc6 3. c3 Nf6 4. e5 Nd5 5. d4 cxd4 6. cxd4 d6 7. Bc4 e6 8. 0-0 Be7 9. Qe2 0-0 10. a3 b6 11. Rd1 Na5 12. Ba2 Bd7 13. Nbd2 Rc8 14. Ne4 Ba4 15. Re1 Nb3 16. Rb1 dxe5 17. dxe5 Nxc1 18. Rbxc1 Nf4 19. Qe3 Rxc1 20. Rxc1 Nd3 21. Rf1 Nxb2 22. Nc3 Nd1 23. Nxd1 Bxd1 24. Nd4 Ba4 25. Qe4 Qe8 26. h4 Bxa3 27. h5 Bc5 28. Bb1 g6 29. Nf3 Be7 30. Qf4 b5 31. Qh6 Bb3 32. Nd4 Bc4 33. Re1 Bc5 34. Nf3 Be7 35. Nd4 f5 36. exf6 Rxf6 37. hxg6 hxg6 38. Qh3 Qf7 39. Nf3 Qh7 40. Qg3 Bd5 41. Ne5 Kg7 42. Nd7 Rf7 43. Qe5+ Bf6 44. Nxf6 Rxf6 45. Rc1 Bc4 46. Rd1 Bd5 47. Rc1 Bc4 48. Rd1 Bd5 1/2-1/2

[Event "EU-ch blitz"]
[Site "Tallinn"]
[Date "2016.12.17"]
[Round "1"]
[White "Orehek, Spela"]
[Black "Matlakov, Maxim"]
[Result "1-0"]
[WhiteElo "2092"]
[BlackElo "2694"]
[PlyCount "70"]
[EventDate "2016.12.17"]
[EventType "swiss (blitz)"]
[EventRounds "26"]
[EventCountry "EST"]
[SourceTitle "CBM 176 Extra"]
[Source "ChessBase"]
[SourceDate "2017.03.02"]
[SourceVersion "1"]
[SourceVersionDate "2017.03.02"]
[SourceQuality "1"]

1. e4 c6 2. d4 d5 3. exd5 cxd5 4. c4 Nf6 5. Nc3 g6 6. Nf3 Bg7 7. Be2 0-0 8. 0-0 Nc6 9. h3 dxc4 10. Bxc4 b6 11. Be3 Bb7 12. Qd2 Rc8 13. Be2 Nb4 14. Rac1 Nbd5 15. Bh6 Nxc3 16. bxc3 Ne4 17. Qe3 Rxc3 18. Rxc3 Nxc3 19. Bc4 Nd5 20. Qd2 Qd6 21. Bxg7 Kxg7 22. Re1 e6 23. Ne5 Nf6 24. Qf4 Rd8 25. Rd1 Bd5 26. Bxd5 Qxd5 27. a3 Qe4 28. Qxe4 Nxe4 29. Nc6 Rd7 30. f3 Nc3 31. Rd3 Nd5 32. Kf2 Rc7 33. Ne5 f6 34. Ng4 Rc2+ 35. Kg3 Rxg2+ 1-0

[Event "SLO-chT1 West"]
[Site "Slovenia"]
[Date "2016.12.09"]
[Round "7"]
[White "Pavasovic, Dusko"]
[Black "Orehek, Spela"]
[Result "1-0"]
[WhiteElo "2547"]
[BlackElo "2092"]
[PlyCount "83"]
[EventDate "2016.11.11"]
[EventType "team-tourn"]
[EventRounds "9"]
[EventCountry "SLO"]
[SourceTitle "EXT 2018"]
[Source "ChessBase"]
[SourceDate "2017.10.13"]
[SourceVersion "1"]
[SourceVersionDate "2017.10.13"]
[SourceQuality "1"]
[WhiteTeam "Ljubljana Duol"]
[BlackTeam "Domzale"]
[WhiteTeamCountry "SLO"]
[BlackTeamCountry "SLO"]

1. e4 e5 2. Nf3 Nc6 3. Bb5 a6 4. Ba4 Nge7 5. 0-0 g6 6. c3 Bg7 7. d4 exd4 8. cxd4 b5 9. Bc2 d6 10. d5 Nb4 11. Bb3 a5 12. a3 Na6 13. Nc3 Rb8 14. Be3 0-0 15. Nd4 Nc5 16. Bc2 b4 17. axb4 axb4 18. Nce2 Ba6 19. Re1 Qd7 20. h3 Bxe2 21. Rxe2 c6 22. Ba4 Nxa4 23. Qxa4 Rfc8 24. Rc2 Qe8 25. Qb3 c5 26. Nf3 Qb5 27. Nd2 f5 28. Nc4 Qd7 29. f3 Re8 30. Nxd6 Qxd6 31. Bxc5 Qe5 32. d6+ Kh8 33. dxe7 Rbc8 34. Rac1 Bh6 35. Qd3 Rxc5 36. Rxc5 Qxe7 37. Rc7 Qd8 38. Qxd8 Rxd8 39. Rc8 Bxc1 40. Rxd8+ Kg7 41. b3 Kf6 42. Rd5 1-0

[Event "SLO-ch (Women)"]
[Site "Otocec"]
[Date "2016.04.30"]
[Round "8"]
[White "Janzelj, Lara"]
[Black "Orehek, Spela"]
[Result "1-0"]
[WhiteElo "2115"]
[BlackElo "2083"]
[PlyCount "115"]
[EventDate "2016.04.23"]
[EventType "tourn"]
[EventRounds "9"]
[EventCountry "SLO"]
[SourceTitle "CBM 172 Extra"]
[Source "ChessBase"]
[SourceDate "2016.06.21"]
[SourceVersion "1"]
[SourceVersionDate "2016.06.21"]
[SourceQuality "1"]

1. d4 d5 2. c4 dxc4 3. Nf3 Nf6 4. e3 e6 5. Bxc4 a6 6. b3 c5 7. 0-0 Nc6 8. Bb2 cxd4 9. Nxd4 Bd7 10. Qe2 Be7 11. Rd1 Qc7 12. Nd2 e5 13. Nxc6 Bxc6 14. Rac1 0-0 15. Bd3 Rfe8 16. Ne4 Rad8 17. Qc2 h6 18. Nxf6+ Bxf6 19. Be4 Rxd1+ 20. Rxd1 Rd8 21. Rc1 Qd6 22. Bxc6 bxc6 23. g3 Qd2 24. Bc3 Qxc2 25. Rxc2 c5 26. Bb2 Rc8 27. Rc4 Kf8 28. b4 Rb8 29. Rxc5 Be7 30. Rc4 Bxb4 31. Bxe5 Rb5 32. Rxb4 Rxe5 33. e4 Ra5 34. a4 f5 35. exf5 Rxf5 36. Re4 Rc5 37. h4 Kf7 38. Kg2 Kf6 39. g4 Rc3 40. f3 g6 41. Rb4 Rc6 42. Kg3 Kf7 43. Rb7+ Kg8 44. a5 Rc5 45. Rb6 Rxa5 46. Rxg6+ Kh7 47. h5 Ra1 48. Rb6 a5 49. Rb7+ Kh8 50. Ra7 a4 51. Kf4 a3 52. Kf5 Rb1 53. Rxa3 Rb5+ 54. Kf4 Kg7 55. Ra7+ Kg8 56. Re7 Rg5 57. Re5 Rg7 58. Kg3 1-0

[Event "SLO-ch (Women)"]
[Site "Otocec"]
[Date "2016.04.23"]
[Round "1"]
[White "Skuhala, Barbara"]
[Black "Orehek, Spela"]
[Result "1/2-1/2"]
[WhiteElo "1930"]
[BlackElo "2083"]
[PlyCount "81"]
[EventDate "2016.04.23"]
[EventType "tourn"]
[EventRounds "9"]
[EventCountry "SLO"]
[SourceTitle "CBM 172 Extra"]
[Source "ChessBase"]
[SourceDate "2016.06.21"]
[SourceVersion "1"]
[SourceVersionDate "2016.06.21"]
[SourceQuality "1"]

1. e4 e5 2. Nf3 Nc6 3. Bc4 Bc5 4. 0-0 Nf6 5. d3 0-0 6. Re1 a6 7. c3 Ba7 8. Bb3 d6 9. h3 Ne7 10. Nbd2 Ng6 11. Nf1 Nh5 12. d4 Nhf4 13. Bxf4 exf4 14. N1h2 Re8 15. Qd2 Be6 16. Bc2 Qf6 17. e5 dxe5 18. dxe5 Qd8 19. Bxg6 Qxd2 20. Bxh7+ Kxh7 21. Nxd2 Rad8 22. Ndf3 Bf5 23. Rad1 Bc2 24. Rc1 Bg6 25. Red1 Bh5 26. Kf1 Rxd1+ 27. Rxd1 Rxe5 28. Nxe5 Bxd1 29. Nxf7 Bc2 30. Ne5 Be4 31. Nhf3 Kg8 32. Ke2 Kf8 33. Ne1 Ke7 34. N5d3 g5 35. h4 Kf6 36. hxg5+ Kxg5 37. Nf3+ Kf5 38. Nh4+ Kg5 39. Nf3+ Kf5 40. Nh4+ Kg5 41. Nf3+ 1/2-1/2

[Event "SLO-ch (Women)"]
[Site "Ljubljana"]
[Date "2015.04.26"]
[Round "3"]
[White "Leonardi, Caterina"]
[Black "Orehek, Spela"]
[Result "1-0"]
[WhiteElo "2051"]
[BlackElo "2102"]
[PlyCount "89"]
[EventDate "2015.04.25"]
[EventType "tourn"]
[EventRounds "9"]
[EventCountry "SLO"]
[SourceTitle "EXT 2019"]
[Source "ChessBase"]
[SourceDate "2018.10.10"]
[SourceVersion "1"]
[SourceVersionDate "2018.10.10"]
[SourceQuality "1"]

1. d4 d6 2. Nf3 g6 3. g3 Bg7 4. Bg2 Nd7 5. 0-0 e5 6. Bg5 f6 7. Be3 Ne7 8. dxe5 dxe5 9. c4 0-0 10. Nc3 Nf5 11. Bd2 Nb6 12. b3 Be6 13. Qc1 Qe7 14. e4 Nd4 15. Nxd4 exd4 16. Nd5 Qd7 17. Bh6 c6 18. Bxg7 Kxg7 19. Nf4 Rad8 20. c5 Nc8 21. Rd1 Qe7 22. Qb2 Bf7 23. Rac1 g5 24. Ne2 Bg6 25. Nxd4 h5 26. f4 Rd7 27. fxg5 Kg8 28. Bh3 Bxe4 29. Be6+ Kh7 30. Bxd7 Qxd7 31. Qe2 Qg4 32. Qxg4 hxg4 33. Ne6 Re8 34. Rd7+ Kg6 35. Nf4+ Kxg5 36. Rxb7 Ne7 37. Re1 f5 38. Rxa7 Kf6 39. b4 Rd8 40. a4 Rb8 41. a5 Rxb4 42. Ra1 Rb2 43. a6 Nd5 44. Rb7 Nxf4 45. Rxb2 1-0

[Event "SLO-ch (Women)"]
[Site "Ljubljana"]
[Date "2015.04.25"]
[Round "1"]
[White "Rozman, Monika"]
[Black "Orehek, Spela"]
[Result "1-0"]
[WhiteElo "1941"]
[BlackElo "2102"]
[PlyCount "103"]
[EventDate "2015.04.25"]
[EventType "tourn"]
[EventRounds "9"]
[EventCountry "SLO"]
[SourceTitle "EXT 2019"]
[Source "ChessBase"]
[SourceDate "2018.10.10"]
[SourceVersion "1"]
[SourceVersionDate "2018.10.10"]
[SourceQuality "1"]

1. e4 e5 2. Nf3 Nc6 3. Bc4 Nf6 4. d3 Be7 5. 0-0 0-0 6. Re1 h6 7. Nbd2 Re8 8. Bb3 Bf8 9. c3 d6 10. Nf1 Ne7 11. d4 Ng6 12. Ng3 Bd7 13. Bd2 c6 14. Qc2 Qc7 15. Rad1 Rad8 16. h3 Qc8 17. Be3 c5 18. dxc5 dxc5 19. c4 Bc6 20. Ba4 Bxa4 21. Qxa4 Qc7 22. Rxd8 Rxd8 23. Qxa7 Qc6 24. Qa3 b5 25. Qc3 b4 26. Qb3 Ra8 27. a3 bxa3 28. bxa3 Qa4 29. Qxa4 Rxa4 30. Ra1 Nd7 31. Nd2 Nb6 32. Kf1 Nf4 33. Ne2 Nxc4 34. Nxc4 Rxc4 35. Bxf4 exf4 36. f3 g5 37. a4 Rb4 38. a5 Bg7 39. Ra2 c4 40. a6 Rb8 41. Ke1 Kf8 42. Kd2 Ke7 43. Nc3 Kd6 44. Nd5 Bd4 45. Nc3 Bc5 46. Kc2 Ra8 47. Nd5 Bd4 48. Ra4 Rc8 49. a7 Ra8 50. Nc3 Kc5 51. Ra5+ Kb4 52. Rb5+ 1-0

[Event "SLO-chT (Women)"]
[Site "Ljubljana"]
[Date "2015.03.14"]
[Round "3.1"]
[White "Krivec, Jana"]
[Black "Orehek, Spela"]
[Result "1-0"]
[WhiteElo "2255"]
[BlackElo "2099"]
[PlyCount "79"]
[EventDate "2015.03.12"]
[EventType "team-tourn"]
[EventRounds "7"]
[EventCountry "SLO"]
[SourceTitle "EXT 2019"]
[Source "ChessBase"]
[SourceDate "2018.10.10"]
[SourceVersion "1"]
[SourceVersionDate "2018.10.10"]
[SourceQuality "1"]
[WhiteTeam "Nova Gorica (W)"]
[BlackTeam "Domzale (W)"]
[WhiteTeamCountry "SLO"]
[BlackTeamCountry "SLO"]

1. e4 g6 2. d4 Bg7 3. Nc3 c6 4. Be3 d5 5. f3 e5 6. exd5 cxd5 7. Bb5+ Nc6 8. Nge2 Nge7 9. dxe5 Bxe5 10. Bd4 Qd6 11. Bxe5 Qxe5 12. Qd4 Qxd4 13. Nxd4 a6 14. Ba4 0-0 15. 0-0-0 Rd8 16. Rhe1 b5 17. Nxc6 Nxc6 18. Bb3 d4 19. Bd5 Bb7 20. Bxc6 Bxc6 21. Ne2 Rac8 22. Rxd4 Rxd4 23. Nxd4 Kf8 24. Nxc6 Rxc6 25. Re4 f5 26. Re2 Kf7 27. c3 Rc4 28. Kc2 h6 29. b3 Rc7 30. a4 Rc5 31. axb5 axb5 32. b4 Rd5 33. c4 Rd4 34. cxb5 Rxb4 35. Re5 Kf6 36. Rc5 g5 37. Kc3 Rb1 38. Kc4 h5 39. Kd5 Rb2 40. Kc6 1-0

[Event "Zadar op-B 21th"]
[Site "Zadar"]
[Date "2014.12.20"]
[Round "9"]
[White "Kolaric, Spela"]
[Black "Orehek, Spela"]
[Result "1/2-1/2"]
[WhiteElo "2094"]
[BlackElo "2069"]
[PlyCount "114"]
[EventDate "2014.12.14"]
[EventType "swiss"]
[EventRounds "9"]
[EventCountry "CRO"]
[SourceTitle "EXT 2016"]
[Source "ChessBase"]
[SourceDate "2015.10.08"]
[SourceVersion "1"]
[SourceVersionDate "2015.10.08"]
[SourceQuality "1"]

1. e4 e5 2. Nf3 Nc6 3. d4 exd4 4. Nxd4 Bb4+ 5. c3 Bc5 6. Nb3 Bb6 7. a4 a6 8. a5 Ba7 9. Qe2 Nge7 10. Be3 Bxe3 11. Qxe3 d5 12. Nd4 Nxd4 13. Qxd4 0-0 14. Bd3 dxe4 15. Qxd8 Rxd8 16. Bxe4 c6 17. Nd2 Be6 18. 0-0-0 Nd5 19. Rhe1 Nf6 20. f3 Rd7 21. Bc2 Rad8 22. Nb3 Rxd1+ 23. Bxd1 Bxb3 24. Bxb3 Kf8 25. Bc4 Nd5 26. Rd1 Ke7 27. Rd4 f6 28. Rg4 g5 29. h4 h6 30. hxg5 hxg5 31. Re4+ Kd6 32. Bxd5 cxd5 33. Rb4 Rd7 34. Kd2 Rc7 35. Kd3 Rc5 36. Rxb7 Rxa5 37. Kd4 Rb5 38. Rf7 Ke6 39. Ra7 a5 40. Ra6+ Ke7 41. b3 Rxb3 42. Rxa5 Rb2 43. Kxd5 Rd2+ 44. Ke4 Rxg2 45. Kf5 Rf2 46. Ra7+ Kd6 47. Ra6+ Ke7 48. Re6+ Kd7 49. Re3 Kd6 50. Rd3+ Ke7 51. c4 Rc2 52. Rd4 Rc3 53. Re4+ Kd6 54. Kxf6 Rxf3+ 55. Kxg5 Kc5 56. Rf4 Rxf4 57. Kxf4 Kxc4 1/2-1/2

[Event "Zadar op-B 21th"]
[Site "Zadar"]
[Date "2014.12.15"]
[Round "3"]
[White "Saric, Kristina"]
[Black "Orehek, Spela"]
[Result "0-1"]
[WhiteElo "2173"]
[BlackElo "2069"]
[PlyCount "74"]
[EventDate "2014.12.14"]
[EventType "swiss"]
[EventRounds "9"]
[EventCountry "CRO"]
[SourceTitle "EXT 2016"]
[Source "ChessBase"]
[SourceDate "2015.10.08"]
[SourceVersion "1"]
[SourceVersionDate "2015.10.08"]
[SourceQuality "1"]

1. e4 e5 2. Nf3 Nc6 3. Bb5 a6 4. Ba4 Nge7 5. Bb3 d5 6. exd5 Nxd5 7. 0-0 Be7 8. Re1 Bg4 9. h3 Bh5 10. g4 Bg6 11. Nxe5 Nxe5 12. Rxe5 c6 13. d4 0-0 14. c4 Nb4 15. Re3 Bg5 16. Rg3 Bxc1 17. Qxc1 Qxd4 18. Nc3 Rfe8 19. Qf1 Nc2 20. Bxc2 Bxc2 21. Rc1 Qd2 22. Nb1 Bxb1 23. Rxb1 Rad8 24. Rc3 f5 25. gxf5 Qg5+ 26. Rg3 Qxf5 27. Rd1 Qc2 28. Rxd8 Rxd8 29. Qg2 Qxb2 30. Kh2 Rd2 31. Kg1 Qe5 32. a3 Rc2 33. Qf1 Re2 34. Kh2 h5 35. Kg2 Qe4+ 36. Kh2 Qxc4 37. Re3 Qf4+ 0-1